[Event "Barcelona Vila de Gracia op 23rd"]
[Site "Barcelona"]
[Date "2019.10.25"]
[Round "2"]
[White "Puertas Manzano, Jose Luis"]
[Black "Solsona Olive, Xavier"]
[Result "1-0"]
[WhiteElo "2030"]
[BlackElo "1810"]
[PlyCount "53"]
[EventDate "2019.10.11"]
[EventType "swiss"]
[EventRounds "9"]
[EventCountry "ESP"]
[SourceTitle "CBM 194 Extra"]
[Source "ChessBase"]
[SourceDate "2020.03.31"]
[SourceVersion "1"]
[SourceVersionDate "2020.03.31"]
[SourceQuality "1"]

1. e4 d5 2. exd5 Nf6 3. Bb5+ Bd7 4. Be2 Nxd5 5. d4 g6 6. c4 Nb6 7. Nc3 c6 8. c5 Nd5 9. Qb3 Bc8 10. Nf3 Bg7 11. Bc4 e6 12. 0-0 0-0 13. Bg5 Qc7 14. Bh4 Nd7 15. Ne4 b5 16. Bxd5 exd5 17. Bg3 Qd8 18. Nd6 Kh8 19. Rfe1 f5 20. Bh4 Qa5 21. Be7 Ba6 22. Bxf8 Rxf8 23. Re7 Nf6 24. Nf7+ Kg8 25. N7e5 Rc8 26. Rxa7 Ne4 27. Nxc6 1-0

[Event "Barcelona La Lira op 36th"]
[Site "Barcelona"]
[Date "2018.02.02"]
[Round "3.5"]
[White "Puertas Manzano, Jose Luis"]
[Black "Martinez Hernandez, Emili"]
[Result "1-0"]
[WhiteElo "2026"]
[BlackElo "1729"]
[PlyCount "45"]
[EventDate "2018.01.19"]
[EventType "swiss"]
[EventRounds "8"]
[EventCountry "ESP"]
[SourceTitle "EXT 2024"]
[Source "ChessBase"]
[SourceDate "2023.10.10"]
[SourceVersion "1"]
[SourceVersionDate "2023.10.10"]
[SourceQuality "1"]

1. e4 e6 2. Nf3 c5 3. d4 cxd4 4. Nxd4 Qa5+ 5. c3 Nc6 6. Nd2 Nxd4 7. cxd4 Nf6 8. Bd3 e5 9. dxe5 Qxe5 10. 0-0 Bc5 11. Nf3 Qh5 12. e5 Ng4 13. h3 Nxf2 14. Rxf2 d6 15. Bb5+ Kf8 16. Bc4 Bd7 17. b4 Bxf2+ 18. Kxf2 Qf5 19. Qxd6+ Kg8 20. Kg1 Bc6 21. e6 h5 22. exf7+ Kh7 23. Ng5+ 1-0

[Event "Barcelona La Lira op 36th"]
[Site "Barcelona"]
[Date "2018.01.19"]
[Round "1.4"]
[White "Puertas Manzano, Jose Luis"]
[Black "Gonzalez Canovas, Sebastian"]
[Result "1-0"]
[WhiteElo "2026"]
[BlackElo "1638"]
[PlyCount "65"]
[EventDate "2018.01.19"]
[EventType "swiss"]
[EventRounds "8"]
[EventCountry "ESP"]
[SourceTitle "EXT 2024"]
[Source "ChessBase"]
[SourceDate "2023.10.10"]
[SourceVersion "1"]
[SourceVersionDate "2023.10.10"]
[SourceQuality "1"]

1. d4 Nf6 2. c4 g6 3. Nc3 Bg7 4. e4 d6 5. Be2 0-0 6. Bg5 Nc6 7. d5 Ne5 8. Qd2 c6 9. Rc1 Re8 10. Nf3 Nxf3+ 11. Bxf3 Qa5 12. 0-0 Nd7 13. a3 Ne5 14. Be2 Qc7 15. h3 f5 16. f3 Nf7 17. Be3 e5 18. b4 f4 19. Bf2 Bf6 20. Rfd1 Qd8 21. Qe1 g5 22. c5 Be7 23. dxc6 bxc6 24. Bc4 Kg7 25. Qe2 Kf6 26. Qa2 Rf8 27. b5 Bb7 28. a4 Qb8 29. bxc6 Bxc6 30. Nd5+ Bxd5 31. Bxd5 dxc5 32. Bxa8 Qxa8 33. Bxc5 1-0

[Event "Hospitalet de Llobregat Ponce 3rd"]
[Site "Hospitalet de Llobregat"]
[Date "2017.04.08"]
[Round "2"]
[White "Madrid Sole, Antonio"]
[Black "Puertas Manzano, Jose Luis"]
[Result "1/2-1/2"]
[WhiteElo "1817"]
[BlackElo "2102"]
[PlyCount "135"]
[EventDate "2017.04.01"]
[EventType "swiss"]
[EventRounds "9"]
[EventCountry "ESP"]
[SourceTitle "EXT 2018"]
[Source "ChessBase"]
[SourceDate "2017.10.13"]
[SourceVersion "1"]
[SourceVersionDate "2017.10.13"]
[SourceQuality "1"]

1. d4 Nf6 2. Nf3 d5 3. e3 g6 4. c4 Bg7 5. Nc3 0-0 6. Be2 dxc4 7. Bxc4 c5 8. 0-0 cxd4 9. Nxd4 Qc7 10. Be2 a6 11. Bd2 e5 12. Nf3 Re8 13. Qc1 Nc6 14. e4 Nd4 15. Re1 Be6 16. Bg5 Rec8 17. h3 Qa5 18. Qd2 Rd8 19. Qc1 Rac8 20. Qb1 Rd7 21. Be3 Nh5 22. Ng5 Nf4 23. Nxe6 Nfxe6 24. Bg4 h5 25. Bxe6 Nxe6 26. Nd5 Nd4 27. Bxd4 exd4 28. Qd3 Re8 29. b4 Qd8 30. a4 Qg5 31. Rac1 Kh7 32. a5 f5 33. f3 fxe4 34. fxe4 Qh4 35. Re2 Re6 36. Rf1 Be5 37. Qf3 Qg3 38. Qxg3 Bxg3 39. Nf6+ Rxf6 40. Rxf6 d3 41. Rd2 Be1 42. Rd1 Bxb4 43. Rf3 d2 44. Kf1 Bxa5 45. Ke2 Bb4 46. Rdf1 Kg7 47. e5 Re7 48. Re3 Re6 49. Rf4 a5 50. Rc4 b6 51. Rc7+ Kh6 52. h4 g5 53. hxg5+ Kxg5 54. Rf7 Kg6 55. Rff3 a4 56. Re4 Ba5 57. Rg3+ Kf5 58. Ree3 Rxe5 59. Rxe5+ Kxe5 60. Rg5+ Kf4 61. Rxh5 Kg3 62. Rg5+ Kf4 63. Rh5 a3 64. Rh3 a2 65. Ra3 Bc3 66. Rxa2 b5 67. Rxd2 Bxd2 68. Kxd2 1/2-1/2